000 00304nam a22001337a 4500
008 181031b xxu||||| |||| 00| 0 eng d
020 _a0024749206
041 _aeng
080 _25 th
_a004
100 _a37
101 _aSHK
245 _aReporting Technical Information
_cHoup.K.W
942 _2udc
_cBK
999 _c51340
_d51340